Dinosaur or Not? 2 - Statistics

General Stats
  • This quiz has been taken 32 times
  • The average score is 10 of 15
Answer Stats
Question Answer % Correct
Suchomimus Dinosaur
85%
Micropachycephalosaurus Dinosaur
81%
Sauropelta Dinosaur
81%
Concavenator Dinosaur
73%
Sauromimus Not
73%
Camptonotus Not
73%
Dryosaurus Dinosaur
69%
Mosasaurus Not
69%
Sarcosuchus Not
69%
Maniraptor Not
65%
Camptosaurus Dinosaur
58%
Scansoriopteryx Dinosaur
58%
Sarcosaurus Dinosaur
46%
Chadititan Dinosaur
42%
Bolong Dinosaur
38%
No matching quizzes found
Score Distribution
Percent of People with Each Score
Percentile by Number Answered
Your Score History
You have not taken this quiz